000
00314nam a2200145Ia 4500
100
_a
Jones Franklin
650
_a
General
942
_c
BK
654
_a
Encyclopaedia
245
_a
Engineering Encyclopedia
260
_b
Industrial Press
_a
NEWYORK
_c
1963
082
_a
620
300
_a
1431
546
_a
ENGLISH
999
_c
19415
_d
19415